Valor nutricional de preparaciones culinarias habituales en Chile: medidas caseras y su equivalencia en porciones de la pirámide alimentaria

Guardat en:
Dades bibliogràfiques
Autors principals: Urteaga R., Carmen (Autor), Gaete V., María Cristina (Autor)
Format: Llibre
Idioma:espanyol
Publicat: Santiago Universidad de Chile 1997
Matèries:
Etiquetes: Afegir etiqueta
Sense etiquetes, Sigues el primer a etiquetar aquest registre!

MARC

LEADER 00000nam a2200000 a 4500
001 UCN3687
003 CL-VaPUC
008 010706e19970000CL |||||||||||||||||spa|d
082 0 4 |a 613.2  |b URT  |2 21 
100 0 |a Urteaga R., Carmen  |e author  |9 460304 
700 0 |a Gaete V., María Cristina  |e author  |9 460305 
245 1 0 |a Valor nutricional de preparaciones culinarias habituales en Chile: medidas caseras y su equivalencia en porciones de la pirámide alimentaria 
300 |a 144 p 
942 |c BK 
945 |d 20010706 00:00:00  |a cmena 
260 |a Santiago  |b Universidad de Chile  |c 1997 
650 0 |a Alimentos  |9 256203 
650 0 |a Nutrición   |9 259434 
650 0 |a Comidas chilenas  |9 460306 
583 |a last modification  |c 20180123 05:06:41  |k Rodrigo Vera 
999 |c 296474  |d 296472 
952 |0 0  |1 0  |4 0  |6 613_200000000000000_URT_1997  |7 0  |8 A  |9 350264  |a BIBEDU  |b BIBEDU  |d 2019-11-20  |i 3737403  |o 613.2 URT 1997  |p 3737403  |r 2019-11-20  |w 2019-11-20  |y BK  |k EFI